| 000 | 00895cam a22002897a 4500 | ||
|---|---|---|---|
| 003 | CHAP | ||
| 005 | 20220817042936.0 | ||
| 008 | 971013s1986 r 00010 d | ||
| 010 | _a60650 | ||
| 011 | _a61622 | ||
| 035 | _a65790 | ||
| 040 | _cCHAP | ||
| 082 |
_a636.085 _bR47Y |
||
| 100 | 0 | 0 |
_aAbrams, John T. _eed. _9306 |
| 245 | 0 | _aAvances en nutrición animal | |
| 260 |
_aZaragoza : _bAcribia, _c1986. |
||
| 300 | _a303 p. | ||
| 590 |
_aBATCH-UPD _b10 _c20130110 _lUCH01 _h0445 |
||
| 590 |
_aBATCH-UPD _b10 _c20130410 _lUCH01 _h0122 |
||
| 590 |
_aBATCH-UPD _b10 _c20130913 _lUCH01 _h1844 |
||
| 590 |
_aCONVERSION _b10 _c20130109 _lUCH01 _h1333 |
||
| 650 | 1 | 4 | _aNutrición animal. |
| 901 | _aBK | ||
| 942 | _cLIBRO | ||
| 949 |
_a636.085 R47Y _bBC _cLIBRO _d33724000265104 _eLIBRO _h39325 _i65790 _si _t320.00 |
||
| 949 |
_a636.085 R47Y _bBC _cLIBRO _d33724000265112 _eLIBRO _fc.2 _h39326 _i65790 _si _t320.00 |
||
| 999 |
_c60650 _d60650 |
||